000 00608cam a2200217 4500
001 45427
021 _b62274/93
090 _a45427
100 _a19960605d1995 m y0pory5003 ba
101 0 _apor
102 _aPT
200 1 _aO alquimista
_fPaulo Coelho
_grev. Maria Manuela Garcia Cruz
_gil. João Batel
205 _a7.ª ed.
210 9 _aLisboa
_cPergaminho,
_d1995
215 _a245, [3] p.
_cil.
_d23 cm
675 _a821.134.3(81)-31"19/20"
_vBN
_zpor
700 1 _aCoelho,
_bPaulo,
_f1947-
702 1 _aCruz,
_bMaria Manuela Garcia da
_4640
702 1 _aBatel,
_bJoão
_4440
801 0 _aPT
_bBN
_gRPC
990 _cLIVROS